[Event "V Festival A"]
[Site "Robecchetto con Induno ITA"]
[Date "1993.12.??"]
[Round "1"]
[White "Gandolfo, Marco"]
[Black "Giordani, Marco"]
[WhiteElo "1991"]
[BlackElo "1947"]
[Result "1/2-1/2"]
[PlyCount "106"]
[EventDate "1993.12.26"]

1. d4 Nf6 2. Nf3 e6 3. Bg5 Be7 4. Nbd2 d5 5. e3 b6 6. c3 Bb7 7. Bd3 Nbd7 8. O-O
O-O 9. Qb1 c5 10. b4 cxb4 11. cxb4 Rc8 12. Qb2 Ne4 13. Bxe7 Qxe7 14. Rfc1 f5
15. g3 Ndf6 16. Ne5 Ng4 17. f3 Nxe5 18. dxe5 Nxd2 19. Qxd2 Rfd8 20. Be2 Qd7 21.
Qd4 Qa4 22. Qb2 Qd7 23. Qd4 Qa4 24. Kf2 Rc2 25. Rxc2 Qxc2 26. Rd1 Rc8 27. Rd2
Qc3 28. Qxc3 Rxc3 29. Bd3 Kf7 30. h4 h5 31. Ke2 Ke7 32. Rb2 Rc1 33. Rc2 Rxc2+
34. Bxc2 Ba6+ 35. Kd2 Bc4 36. a3 Kd7 37. Bd1 Ke7 38. Kc3 Kf7 39. Kd4 g6 40. a4
Ke7 41. a5 Kd7 42. g4 hxg4 43. fxg4 Ke7 44. Bf3 Bf1 45. gxf5 gxf5 46. Kc3 Kf7
47. Kd4 Kg6 48. Bd1 Bh3 49. Ba4 Kh5 50. Bd7 f4 51. exf4 Kxh4 52. Ke3 Kg3 53.
Bb5 Bf5 1/2-1/2

[Event "V Festival A"]
[Site "Robecchetto con Induno ITA"]
[Date "1993.12.??"]
[Round "1"]
[White "Gazzarri, Alberto"]
[Black "Braunberger, Federico"]
[WhiteElo "1984"]
[BlackElo "2028"]
[Result "0-1"]
[PlyCount "75"]
[EventDate "1993.12.26"]

1. e4 e6 2. d4 d5 3. e5 b6 4. Ne2 Ba6 5. g3 Nd7 6. Bg2 h5 7. h4 g6 8. Bg5 Be7
9. Bxe7 Qxe7 10. Nd2 Nh6 11. c3 c5 12. Qa4 Bxe2 13. Kxe2 cxd4 14. cxd4 Nf5 15.
Nf3 O-O 16. Rhc1 b5 17. Qa5 Rfc8 18. a3 Rc4 19. b3 Rxd4 20. Rc7 Qd8 21. Qc3 Rc4
22. Rxc4 bxc4 23. bxc4 Rc8 24. Nd2 Qc7 25. f4 dxc4 26. Rc1 Nb6 27. Be4 Nd5 28.
Qxc4 Nxg3+ 29. Kf3 Nxe4 30. Kxe4 Qxc4+ 31. Rxc4 Rb8 32. Kd3 Kf8 33. Rd4 Ke7 34.
Re4 Rd8 35. Kc2 Rc8+ 36. Kb2 Rc7 37. Nb1 Rb7+ 38. Kc2 0-1

[Event "V Festival A"]
[Site "Robecchetto con Induno ITA"]
[Date "1993.12.??"]
[Round "1"]
[White "Piotti, Andrea"]
[Black "Bracaglia, Carlo"]
[WhiteElo "1911"]
[BlackElo "1902"]
[Result "1/2-1/2"]
[PlyCount "82"]
[EventDate "1993.12.26"]

1. d4 Nf6 2. Nf3 c5 3. c4 g6 4. Nc3 Bg7 5. d5 d6 6. e4 O-O 7. Bd3 Bg4 8. h3
Bxf3 9. Qxf3 Na6 10. a3 Nd7 11. Qg3 Nc7 12. O-O Rb8 13. f4 a6 14. a4 e6 15. Be3
exd5 16. exd5 f5 17. Rfe1 Nf6 18. Bf2 Qd7 19. Re2 Rfe8 20. Rae1 Kf8 21. Qf3
Rxe2 22. Rxe2 Re8 23. Rxe8+ Qxe8 24. g4 Ne4 25. Nxe4 fxe4 26. Bxe4 Bxb2 27. f5
Kg7 28. g5 Be5 29. f6+ Kf7 30. h4 Qxa4 31. Qg4 Qe8 32. h5 Bd4 33. hxg6+ hxg6
34. Qh4 Qe5 35. Qh7+ Ke8 36. Bxg6+ Kd8 37. Qg8+ Ne8 38. Qxe8+ Qxe8 39. Bxe8
Bxf2+ 40. Kxf2 Kxe8 41. g6 b5 1/2-1/2

[Event "V Festival A"]
[Site "Robecchetto con Induno ITA"]
[Date "1993.12.??"]
[Round "1"]
[White "Rizzuti, Pasquale"]
[Black "Duarte, Riccardo"]
[WhiteElo "1882"]
[BlackElo "1882"]
[Result "1-0"]
[PlyCount "113"]
[EventDate "1993.12.26"]

1. b3 e5 2. g3 d5 3. Bg2 c6 4. Bb2 Nd7 5. Nh3 Ngf6 6. O-O Bd6 7. f4 O-O 8. fxe5
Bxe5 9. Nc3 h6 10. Nf2 Qc7 11. d4 Bd6 12. e4 dxe4 13. Ncxe4 Be7 14. c4 Nxe4 15.
Nxe4 Nf6 16. Nxf6+ Bxf6 17. Rxf6 gxf6 18. Qh5 Kg7 19. Rf1 f5 20. Rf4 Qe7 21.
d5+ f6 22. Bc1 Rh8 23. dxc6 bxc6 24. h3 Qe1+ 25. Rf1 Qxg3 26. Kh1 Qg6 27. Qf3
Bd7 28. Rg1 Qe8 29. Qf4 Kf7 30. Ba3 Qe5 31. Qd2 Be6 32. Bxc6 Rad8 33. Bf3 Bxc4
34. Qf2 Bd5 35. Qxa7+ Ke8 36. Qa4+ Rd7 37. Bxd5 Qxd5+ 38. Kh2 Qe5+ 39. Rg3 Qe4
40. Qb5 Qc2+ 41. Rg2 Qc7+ 42. Kg1 Kf7 43. Qxf5 Rd1+ 44. Kf2 Rd2+ 45. Kf1 Rxg2
46. Qd5+ Ke8 47. Qe6+ Kd8 48. Qxf6+ Kc8 49. Qxh8+ Kb7 50. Kxg2 Qc2+ 51. Kf3
Qd3+ 52. Kg4 Qe2+ 53. Kf5 Qd3+ 54. Ke6 Qa6+ 55. Bd6 Qe2+ 56. Qe5 Qd3 57. Qd5+
1-0

[Event "V Festival A"]
[Site "Robecchetto con Induno ITA"]
[Date "1993.12.??"]
[Round "1"]
[White "Rossi, Giampiero"]
[Black "Barlocco, Carlo"]
[WhiteElo "2205"]
[BlackElo "2290"]
[Result "0-1"]
[PlyCount "118"]
[EventDate "1993.12.26"]

1. d4 d5 2. c4 c6 3. cxd5 cxd5 4. Nc3 Nf6 5. Nf3 Nc6 6. Bf4 e6 7. e3 Be7 8. Bd3
O-O 9. O-O Nh5 10. Bg3 Nxg3 11. hxg3 Bd7 12. Rc1 Rc8 13. Qe2 a6 14. Rfd1 b5 15.
a4 b4 16. Na2 a5 17. b3 Bd6 18. Rc2 Qb6 19. Rdc1 Nb8 20. Rxc8 Rxc8 21. Rxc8+
Bxc8 22. Bxh7+ Kf8 23. Bd3 Nd7 24. Qc2 Qb7 25. Bb5 Qc7 26. Qxc7 Bxc7 27. Nc1
Nf6 28. Nd3 Ne4 29. Nc5 Nxc5 30. dxc5 Ke7 31. Kf1 e5 32. Ke1 f6 33. Kd2 Bb8 34.
Ne1 Ba7 35. Nd3 Be6 36. c6 Kd6 37. f3 d4 38. exd4 Bxd4 39. Kc2 Bd5 40. g4 g5
41. Nc1 e4 42. Ne2 Be5 43. Nc1 exf3 44. gxf3 Bxf3 45. Be2 Bxc6 46. Nd3 Be4 47.
Kd2 Bd4 48. Nc1 f5 49. gxf5 Bxf5 50. Nd3 Ke6 51. Bf3 Kf6 52. Bd1 Be6 53. Nc1 g4
54. Ne2 Ke5 55. Kd3 Bf2 56. Nc1 g3 57. Bf3 Bh3 58. Kc4 Bf1+ 59. Be2 g2 0-1

[Event "V Festival A"]
[Site "Robecchetto con Induno ITA"]
[Date "1993.12.??"]
[Round "1"]
[White "Salami, Marco"]
[Black "Nurkic, Sahbaz"]
[WhiteElo "2046"]
[BlackElo "2395"]
[Result "0-1"]
[PlyCount "118"]
[EventDate "1993.12.26"]

1. e4 g6 2. Nc3 Bg7 3. h4 h5 4. Bc4 c5 5. Qf3 e6 6. Qe2 Nc6 7. Nf3 a6 8. a4
Nge7 9. d3 Nd4 10. Nxd4 cxd4 11. Nd1 d5 12. Bb3 dxe4 13. dxe4 Nc6 14. Bg5 Qd6
15. a5 Bd7 16. Ba4 Rc8 17. c3 dxc3 18. bxc3 Ne5 19. Bxd7+ Qxd7 20. O-O Nc4 21.
Ne3 Nxe3 22. Qxe3 Rxc3 23. Rad1 Rxe3 24. Rxd7 Kxd7 25. Rd1+ Kc6 26. Bxe3 Rc8
27. Rc1+ Kd7 28. Rd1+ Ke8 29. Rb1 Rc7 30. Bb6 Rc4 31. Rd1 Bf6 32. g3 Rxe4 33.
Rc1 Be5 34. Rc8+ Ke7 35. Bc5+ Kf6 36. Bb6 Ra4 37. Kg2 Bd6 38. Bd8+ Ke5 39. Bb6
Kd5 40. Rh8 e5 41. Rd8 Ke6 42. Re8+ Kd7 43. Rd8+ Ke7 44. Rc8 e4 45. Kf1 Ra2 46.
Rc4 f5 47. Rc8 e3 48. fxe3 Bxg3 49. Rg8 Kf7 50. Rh8 Bxh4 51. Rh7+ Ke6 52. Rxb7
Be7 53. Ra7 h4 54. Bc7 g5 55. Rxa6+ Kd5 56. Rh6 g4 57. a6 g3 58. Rh7 Bg5 59.
Rh5 g2+ 0-1

[Event "V Festival A"]
[Site "Robecchetto con Induno ITA"]
[Date "1993.12.??"]
[Round "1"]
[White "Temi, Walter"]
[Black "Cazzaniga, Walter"]
[WhiteElo "1993"]
[BlackElo "2013"]
[Result "1-0"]
[PlyCount "57"]
[EventDate "1993.12.26"]

1. e4 e6 2. d4 d5 3. e5 c5 4. c3 Nc6 5. Nf3 Qb6 6. Bd3 cxd4 7. cxd4 Bd7 8. O-O
Nxd4 9. Nxd4 Qxd4 10. Nc3 a6 11. Qe2 Nh6 12. Bg5 Qg4 13. Qd2 Bc5 14. Rad1 O-O
15. Bxh6 gxh6 16. Qxh6 Qg7 17. Qh4 f6 18. exf6 Rxf6 19. Bxh7+ Kh8 20. Bc2+ Rh6
21. Qg3 Qf6 22. Ne4 dxe4 23. Rxd7 Rg8 24. Qc3 e5 25. Bxe4 Qf4 26. g3 Bxf2+ 27.
Rxf2 Qxe4 28. Re7 Qb1+ 29. Rf1 1-0

[Event "V Festival A"]
[Site "Robecchetto con Induno ITA"]
[Date "1993.12.??"]
[Round "2"]
[White "Barlocco, Carlo"]
[Black "Nurkic, Sahbaz"]
[WhiteElo "2290"]
[BlackElo "2395"]
[Result "0-1"]
[PlyCount "114"]
[EventDate "1993.12.26"]

1. d4 Nf6 2. c4 c5 3. Nf3 cxd4 4. Nxd4 Nc6 5. Nc3 a6 6. g3 e5 7. Nc2 h5 8. Bg5
h4 9. Bg2 Bc5 10. O-O hxg3 11. hxg3 d6 12. Ne4 Bf5 13. Nxc5 dxc5 14. Ne3 Qxd1
15. Rfxd1 Be6 16. Bxc6+ bxc6 17. Bxf6 gxf6 18. Rd6 Rc8 19. Rc1 Ke7 20. Rd3 f5
21. Ng2 Rb8 22. b3 a5 23. Re1 e4 24. Re3 Rhd8 25. f3 Rd2 26. Ra1 exf3 27. exf3
Rg8 28. f4 Kf6 29. a4 Rgd8 30. Rc1 Rb2 31. Nh4 Rdd2 32. Rce1 Kg7 33. Nf3 Rg2+
34. Kh1 Kh6 35. Ng5 Kh5 36. Nxe6 fxe6 37. Rxe6 Rxg3 38. Rxc6 Kg4 39. Rg6+ Kf3
40. Rf1+ Rf2 41. Rxg3+ Kxg3 42. Rd1 Rf3 43. Kg1 Rxb3 44. Kf1 Kf3 45. Kg1 Kxf4
46. Rd5 Kg3 47. Kf1 f4 48. Rg5+ Kf3 49. Ke1 Ke3 50. Re5+ Kd4 51. Rf5 f3 52. Kd2
Rb2+ 53. Kc1 Rf2 54. Rf4+ Ke3 55. Rf5 Rf1+ 56. Kc2 f2 57. Rf6 Re1 0-1

[Event "V Festival A"]
[Site "Robecchetto con Induno ITA"]
[Date "1993.12.??"]
[Round "2"]
[White "Bracaglia, Carlo"]
[Black "Gandolfo, Marco"]
[WhiteElo "1902"]
[BlackElo "1991"]
[Result "1/2-1/2"]
[PlyCount "76"]
[EventDate "1993.12.26"]

1. e4 g6 2. d4 Bg7 3. c3 c6 4. Nf3 d5 5. exd5 cxd5 6. Bd3 Nc6 7. O-O Nf6 8. h3
O-O 9. Re1 Bf5 10. Bxf5 gxf5 11. Bf4 Rc8 12. Ne5 e6 13. Nd2 a6 14. Re3 Ne7 15.
Bg5 Ng6 16. Ndf3 Qc7 17. Bxf6 Bxf6 18. h4 Qd8 19. h5 f4 20. hxg6 fxe3 21. gxf7+
Kh8 22. fxe3 Qe7 23. Qd3 Bxe5 24. Nxe5 Qg5 25. Rf1 Rc7 26. Rf3 Qg7 27. Qf1 Qg5
28. Qf2 Qh5 29. Rh3 Qg5 30. Rg3 Qf5 31. Rf3 Qh5 32. Rh3 Qg5 33. Rh5 Qg7 34. Qh4
Rcxf7 35. Rg5 Rf1+ 36. Kh2 Qf6 37. Ng6+ Kg7 38. Ne5+ Kh8 1/2-1/2

[Event "V Festival A"]
[Site "Robecchetto con Induno ITA"]
[Date "1993.12.??"]
[Round "2"]
[White "Braunberger, Federico"]
[Black "Piotti, Andrea"]
[WhiteElo "2028"]
[BlackElo "1911"]
[Result "1-0"]
[PlyCount "95"]
[EventDate "1993.12.26"]

1. Nf3 d5 2. d4 Nf6 3. g3 c5 4. dxc5 Qa5+ 5. c3 Qxc5 6. Bg2 Nc6 7. O-O e5 8. b4
Qb6 9. Be3 Qc7 10. Nbd2 Ng4 11. Nb3 Nxe3 12. fxe3 Be6 13. Ng5 Be7 14. Nxe6 fxe6
15. Bh3 Nd8 16. Qd3 b6 17. e4 dxe4 18. Qxe4 Rc8 19. Rf3 Bf6 20. Rc1 O-O 21. c4
Qc6 22. Qxc6 Rxc6 23. e4 Bg5 24. Rxf8+ Kxf8 25. Rc2 Ke7 26. Kf2 Nf7 27. c5 bxc5
28. Rxc5 Ra6 29. Na5 Bd2 30. a3 Kf6 31. Rc6 Rxc6 32. Nxc6 a6 33. Bf1 Nd6 34.
Bd3 Nb5 35. Bxb5 axb5 36. Na7 Ke7 37. Nxb5 Kd7 38. Ke2 Bc1 39. Kd3 g5 40. g4
Kc6 41. Kc4 Be3 42. a4 Bf2 43. Nc3 Bd4 44. Ne2 Bb6 45. a5 Bf2 46. Nc1 Bd4 47.
Nd3 Ba1 48. b5+ 1-0

[Event "V Festival A"]
[Site "Robecchetto con Induno ITA"]
[Date "1993.12.??"]
[Round "2"]
[White "Cazzaniga, Walter"]
[Black "Giordani, Marco"]
[WhiteElo "2013"]
[BlackElo "1947"]
[Result "0-1"]
[PlyCount "43"]
[EventDate "1993.12.26"]

1. e4 c5 2. Nf3 d6 3. d4 cxd4 4. Nxd4 Nf6 5. Nc3 a6 6. f4 Qc7 7. Bd3 e6 8. O-O
Nbd7 9. Kh1 Be7 10. Qe1 b5 11. a3 Bb7 12. b3 Rc8 13. Bb2 O-O 14. Qg3 Rfd8 15.
Rae1 Nc5 16. b4 Nxd3 17. cxd3 Ne8 18. Nf3 Bf8 19. d4 Qc4 20. Rf2 Qb3 21. Ng1 a5
22. Nxb5 0-1

[Event "V Festival A"]
[Site "Robecchetto con Induno ITA"]
[Date "1993.12.??"]
[Round "2"]
[White "Duarte, Riccardo"]
[Black "Gazzarri, Alberto"]
[WhiteElo "1882"]
[BlackElo "1984"]
[Result "0-1"]
[PlyCount "66"]
[EventDate "1993.12.26"]

1. e4 e5 2. Nf3 Nc6 3. Bc4 Nf6 4. d3 Bc5 5. Bg5 d6 6. h3 Be6 7. Nbd2 Qe7 8. c3
h6 9. Bh4 g5 10. Bg3 O-O-O 11. a4 d5 12. exd5 Bxd5 13. Bxd5 Nxd5 14. Ne4 Nf4
15. Bxf4 exf4 16. O-O f5 17. Nxc5 Qxc5 18. d4 Qd6 19. Qd3 Qf6 20. Rfe1 g4 21.
hxg4 fxg4 22. Ne5 Nxe5 23. dxe5 Qg5 24. Qb5 g3 25. e6 gxf2+ 26. Kxf2 Qg3+ 27.
Kg1 f3 28. Qf1 fxg2 29. Qxg2 Qh4 30. e7 Rdg8 31. e8=Q+ Rxe8 32. Rxe8+ Rxe8 33.
Kf1 Qc4+ 0-1

[Event "V Festival A"]
[Site "Robecchetto con Induno ITA"]
[Date "1993.12.??"]
[Round "2"]
[White "Salami, Marco"]
[Black "Rossi, Giampiero"]
[WhiteElo "2046"]
[BlackElo "2205"]
[Result "1/2-1/2"]
[PlyCount "115"]
[EventDate "1993.12.26"]

1. e4 c5 2. Nc3 e6 3. g3 Nc6 4. Bg2 d6 5. d3 g6 6. Nge2 Bg7 7. O-O Nge7 8. Be3
O-O 9. Qd2 Nd4 10. Nd1 Nec6 11. c3 Nxe2+ 12. Qxe2 Rb8 13. Qd2 Qe7 14. Rc1 b6
15. d4 Bb7 16. f4 Na5 17. b3 f5 18. Nf2 Rfe8 19. Rfe1 Rbd8 20. Qe2 cxd4 21.
cxd4 Rc8 22. Qf1 Qd7 23. e5 Bxg2 24. Qxg2 d5 25. Qf1 Rxc1 26. Rxc1 Rc8 27. Nd3
Bf8 28. Rxc8 Qxc8 29. Qc1 Qxc1+ 30. Bxc1 Nc6 31. Bb2 Kf7 32. Kf2 Ke8 33. Bc3
Kd7 34. Ke3 Be7 35. Nc1 h5 36. Ne2 h4 37. Kf3 hxg3 38. hxg3 Bb4 39. Bb2 Bd2 40.
Nc1 Bb4 41. g4 b5 42. Ne2 Bd2 43. Kg3 Be1+ 44. Kf3 Bd2 45. Kg3 a6 46. Kf3 Nb4
47. Bc3 Bxc3 48. Nxc3 Nc2 49. Ne2 a5 50. Kg3 Ne3 51. gxf5 gxf5 52. Kh4 b4 53.
Kg5 Nd1 54. Kf6 Nc3 55. Nc1 Ne4+ 56. Kf7 Nf2 57. Kf6 Ng4+ 58. Kf7 1/2-1/2

[Event "V Festival A"]
[Site "Robecchetto con Induno ITA"]
[Date "1993.12.??"]
[Round "2"]
[White "Temi, Walter"]
[Black "Rizzuti, Pasquale"]
[WhiteElo "1993"]
[BlackElo "1882"]
[Result "1-0"]
[PlyCount "43"]
[EventDate "1993.12.26"]

1. e4 c5 2. Nf3 Nc6 3. Bc4 e6 4. Qe2 Nd4 5. Nxd4 cxd4 6. c3 Bc5 7. b4 Bb6 8.
Bb2 Ne7 9. cxd4 d5 10. Bb3 O-O 11. O-O dxe4 12. Qxe4 Bd7 13. Nc3 Bc6 14. d5
exd5 15. Qg4 Ng6 16. Ne2 Qd6 17. a4 Rfe8 18. b5 Bd7 19. Qh5 Re4 20. Ng3 Nf4 21.
Nxe4 dxe4 22. Qxf7+ 1-0

[Event "V Festival A"]
[Site "Robecchetto con Induno ITA"]
[Date "1993.12.??"]
[Round "3"]
[White "Bracaglia, Carlo"]
[Black "Barlocco, Carlo"]
[WhiteElo "1902"]
[BlackElo "2290"]
[Result "1-0"]
[PlyCount "93"]
[EventDate "1993.12.26"]

1. e4 e5 2. Nf3 Nc6 3. Bc4 Nf6 4. d3 Be7 5. c3 O-O 6. Nbd2 d5 7. Bb3 dxe4 8.
dxe4 Bg4 9. O-O Nd7 10. Qe2 Nc5 11. Bc2 Ne6 12. h3 Nf4 13. Qe3 Be6 14. Nxe5
Nxh3+ 15. gxh3 Nxe5 16. Kh2 Nc4 17. Nxc4 Bxc4 18. Rg1 f5 19. Qg3 Rf7 20. Bf4
Bh4 21. Qg2 Qf8 22. exf5 Qc5 23. Bg3 Bd5 24. f3 Bf6 25. Bf2 Qb5 26. Be4 Bxe4
27. fxe4 Qxb2 28. Bd4 Qxg2+ 29. Rxg2 Re8 30. Re1 c5 31. Bxf6 Rxf6 32. Reg1 Re7
33. a4 Rff7 34. Rg4 h5 35. Rf4 Rf6 36. Re1 Re5 37. Rd1 Rf7 38. Kg3 Kh7 39. c4
Kh6 40. Rd5 Rxd5 41. cxd5 Kg5 42. Rf2 h4+ 43. Kf3 Kf6 44. Rg2 Ke5 45. Ke3 b6
46. Rg6 Re7 47. d6 1-0

[Event "V Festival A"]
[Site "Robecchetto con Induno ITA"]
[Date "1993.12.??"]
[Round "3"]
[White "Cazzaniga, Walter"]
[Black "Duarte, Riccardo"]
[WhiteElo "2013"]
[BlackElo "1882"]
[Result "1-0"]
[PlyCount "99"]
[EventDate "1993.12.26"]

1. e4 e5 2. Nf3 Nc6 3. Bb5 Nge7 4. O-O Ng6 5. d4 exd4 6. Nxd4 Bc5 7. Nb3 Bb6 8.
Nc3 a6 9. Bd3 O-O 10. Kh1 Nce5 11. f4 Nxd3 12. Qxd3 d6 13. Nd5 Ba7 14. Be3 Bxe3
15. Nxe3 Bd7 16. c4 b5 17. Nd2 Re8 18. Rae1 Bc6 19. Nd5 bxc4 20. Nxc4 Bb5 21.
Nc3 Qh4 22. g3 Qh3 23. a4 Nh4 24. Rf2 Bc6 25. Na5 Bd7 26. Qd2 Ng6 27. b3 Rab8
28. Nd5 Rbc8 29. f5 Ne5 30. f6 Ng4 31. Rf4 Nxf6 32. Nxf6+ gxf6 33. Rh4 Qe6 34.
Qh6 Qe5 35. Rh5 Qc3 36. Rf1 Bg4 37. Qxh7+ Kf8 38. Qh6+ Ke7 39. e5 Bf3+ 40. Kg1
Bxh5 41. Qxf6+ Kd7 42. e6+ Rxe6 43. Qxc3 c5 44. Nc4 Rc6 45. Qg7 Rc7 46. Qg5 Bg6
47. a5 Kc6 48. Qd8 Bd3 49. Rd1 Bxc4 50. bxc4 1-0

[Event "V Festival A"]
[Site "Robecchetto con Induno ITA"]
[Date "1993.12.??"]
[Round "3"]
[White "Gazzarri, Alberto"]
[Black "Rizzuti, Pasquale"]
[WhiteElo "1984"]
[BlackElo "1882"]
[Result "0-1"]
[PlyCount "134"]
[EventDate "1993.12.26"]

1. e4 c5 2. c3 Nf6 3. e5 Nd5 4. d4 cxd4 5. cxd4 e6 6. Nc3 Nxc3 7. bxc3 d5 8.
Bd3 Bd7 9. Qg4 Nc6 10. Ne2 h5 11. Qg3 h4 12. Qg4 Qa5 13. Bd2 Qa4 14. h3 O-O-O
15. O-O f5 16. Qg6 Ne7 17. Qf7 Qc6 18. c4 Be8 19. cxd5 Qxd5 20. Nf4 Bxf7 21.
Nxd5 Nxd5 22. Rfc1+ Kb8 23. Rab1 Rc8 24. Re1 Be8 25. Rb2 Bc6 26. Reb1 g6 27. a4
Bh6 28. Be1 Nf4 29. Bf1 Be4 30. Rd1 Bc2 31. Ra1 Bd3 32. Bb4 Bxf1 33. Bd6+ Ka8
34. Rxf1 Bf8 35. Rfb1 Rh7 36. a5 Bxd6 37. exd6 Rc6 38. g3 hxg3 39. fxg3 Nxh3+
40. Kg2 Rxd6 41. Rc2 Kb8 42. Rbc1 Rc6 43. Rxc6 bxc6 44. Rxc6 Ng5 45. d5 Re7 46.
a6 Ne4 47. dxe6 Ng5 48. Rc5 Rxe6 49. g4 Ne4 50. Rb5+ Rb6 51. Re5 Rxa6 52. gxf5
gxf5 53. Rxf5 Nd6 54. Rh5 Rc6 55. Kf3 Kb7 56. Ke3 Kb6 57. Rh8 a5 58. Rb8+ Nb7
59. Kd4 a4 60. Rh8 Kb5 61. Rh1 Na5 62. Kd5 Rc8 63. Ra1 Rd8+ 64. Ke4 Nb3 65. Ra2
Kb4 66. Ke3 a3 67. Ke4 Rd2 0-1

[Event "V Festival A"]
[Site "Robecchetto con Induno ITA"]
[Date "1993.12.??"]
[Round "3"]
[White "Giordani, Marco"]
[Black "Braunberger, Federico"]
[WhiteElo "1947"]
[BlackElo "2028"]
[Result "1-0"]
[PlyCount "131"]
[EventDate "1993.12.26"]

1. e4 e6 2. d4 d5 3. Nc3 Bb4 4. e5 Ne7 5. a3 Bxc3+ 6. bxc3 c5 7. Nf3 Qc7 8. Bd3
Bd7 9. O-O c4 10. Be2 Ba4 11. Ng5 h6 12. Nh3 Nbc6 13. f4 O-O-O 14. Kh1 g6 15.
Be3 Nf5 16. Bf2 h5 17. Ng5 Rdf8 18. Bf3 Nce7 19. g3 Nh6 20. h3 Nef5 21. Kg2 Ng7
22. Qe2 Nhf5 23. Rh1 Ne7 24. g4 Nc6 25. Bg3 Qe7 26. Bh4 Qd7 27. Qd2 Rh6 28. f5
gxf5 29. Nxf7 Qxf7 30. Qxh6 fxg4 31. Be2 Nf5 32. Qf6 Qe8 33. Qg5 Rg8 34. Qf6
Rg6 35. hxg4 Rxf6 36. Bxf6 Qg6 37. Rxh5 Bxc2 38. Kf2 Nfe7 39. Rah1 Qe4 40. R1h3
Kc7 41. Rg5 Bd3 42. Bf3 Qf4 43. Rg7 Kd7 44. Bg5 Qf8 45. Bf6 Kc7 46. Rh8 Qxh8
47. Rxe7+ Nxe7 48. Bxh8 b5 49. Kg3 a5 50. Kf2 Nc6 51. Ke3 b4 52. cxb4 Nxb4 53.
axb4 axb4 54. Kd2 Bg6 55. Bd1 Kc6 56. Bc2 c3+ 57. Kc1 Bf7 58. Bf6 Kb5 59. Bb3
Bg6 60. Be7 Bd3 61. g5 Bg6 62. Bc2 Bxc2 63. Kxc2 Kc4 64. Bxb4 Kxd4 65. g6 Kxe5
66. g7 1-0

[Event "V Festival A"]
[Site "Robecchetto con Induno ITA"]
[Date "1993.12.??"]
[Round "3"]
[White "Nurkic, Sahbaz"]
[Black "Temi, Walter"]
[WhiteElo "2395"]
[BlackElo "1993"]
[Result "1-0"]
[PlyCount "115"]
[EventDate "1993.12.26"]

1. e4 b6 2. d4 Bb7 3. Nc3 e6 4. a3 d5 5. exd5 exd5 6. Bd3 Nf6 7. Nf3 Be7 8. O-O
O-O 9. Re1 c5 10. Bf4 Nc6 11. h3 Nxd4 12. Nxd4 cxd4 13. Nb5 Ne4 14. Nxd4 Bc5
15. c3 Qf6 16. Be3 Rfe8 17. f3 Ng5 18. Qd2 h6 19. Rad1 Rad8 20. Bb1 Bc8 21. Qf2
Bb7 22. h4 Ne6 23. Nxe6 Rxe6 24. Bxc5 bxc5 25. Rxe6 Qxe6 26. Qxc5 Qe2 27. Qd4
Re8 28. Qd3 g6 29. h5 Qxd3 30. Bxd3 Kg7 31. hxg6 fxg6 32. Kf2 Kf6 33. Rh1 h5
34. Rh4 Re7 35. Ra4 Bc8 36. g3 Rb7 37. Rb4 Re7 38. Rb8 Rc7 39. f4 Bf5 40. Bxf5
Kxf5 41. Re8 Rb7 42. Re5+ Kf6 43. b4 Rc7 44. Rxd5 Rxc3 45. Ra5 Rb3 46. Rxa7 Kf5
47. Ra5+ Ke4 48. Re5+ Kd4 49. Re6 Rxa3 50. Rxg6 Ra2+ 51. Kf3 Ra3+ 52. Kg2 h4
53. gxh4 Ke4 54. Rf6 Rb3 55. h5 Rxb4 56. h6 Rb3 57. h7 Rb8 58. Kg3 1-0

[Event "V Festival A"]
[Site "Robecchetto con Induno ITA"]
[Date "1993.12.??"]
[Round "3"]
[White "Piotti, Andrea"]
[Black "Salami, Marco"]
[WhiteElo "1911"]
[BlackElo "2046"]
[Result "0-1"]
[PlyCount "42"]
[EventDate "1993.12.26"]

1. d4 f5 2. c4 Nf6 3. Nf3 d6 4. Nc3 g6 5. g3 Bg7 6. Bg2 O-O 7. O-O Qe8 8. Bf4
h6 9. h4 Nh5 10. Qc1 Nxf4 11. Qxf4 e5 12. dxe5 dxe5 13. Qd2 Nc6 14. e3 Be6 15.
Nd5 Qf7 16. Rad1 Rad8 17. e4 fxe4 18. Ne1 Nd4 19. Qe3 c6 20. Nc3 Bxc4 21. Bxe4
Bxf1 0-1

[Event "V Festival A"]
[Site "Robecchetto con Induno ITA"]
[Date "1993.12.??"]
[Round "3"]
[White "Rossi, Giampiero"]
[Black "Gandolfo, Marco"]
[WhiteElo "2205"]
[BlackElo "1991"]
[Result "0-1"]
[PlyCount "148"]
[EventDate "1993.12.26"]

1. d4 g6 2. c4 f5 3. Nf3 Nf6 4. g3 Bg7 5. Bg2 O-O 6. O-O c6 7. Nc3 Ne4 8. Qc2
d5 9. Bf4 Be6 10. cxd5 Bxd5 11. Nxd5 Qxd5 12. Bxb8 Raxb8 13. e3 Qd6 14. Rfc1
Kh8 15. Rab1 Rfc8 16. b4 a6 17. Ne1 Nf6 18. Nd3 Nd5 19. a4 Bf6 20. Qc5 Qd8 21.
b5 axb5 22. axb5 e6 23. Bxd5 b6 24. Qb4 Qxd5 25. Nf4 Qd7 26. Qb3 cxb5 27. Qxe6
Qxe6 28. Nxe6 Rxc1+ 29. Rxc1 b4 30. Rb1 Kg8 31. Rxb4 Kf7 32. Nf4 b5 33. Nd5 Be7
34. Rb3 Bd6 35. Kf1 Ke6 36. Nb4 Rc8 37. Nd3 b4 38. Nc5+ Bxc5 39. dxc5 Rb8 40.
Ke2 Kd5 41. Kd3 Kxc5 42. Kc2 Kc4 43. Rb1 Rd8 44. Rc1 b3+ 45. Kb1+ Kb4 46. Rc7
Rd1+ 47. Kb2 Rd2+ 48. Kb1 Rxf2 49. Rxh7 Kc3 50. Rc7+ Kd3 51. Rb7 Kc4 52. Rc7+
Kd3 53. Rg7 Rxh2 54. Rxg6 Kxe3 55. Rb6 b2 56. Rb3+ Ke4 57. Rb4+ Ke5 58. Rf4 Rg2
59. Rf3 Kf6 60. g4 Rxg4 61. Kxb2 Rc4 62. Kb3 Rc7 63. Rf1 Kg5 64. Rg1+ Kf4 65.
Rg8 Kf3 66. Rf8 f4 67. Rf6 Ke3 68. Re6+ Kf2 69. Rf6 f3 70. Kb2 Ke2 71. Re6+ Kf1
72. Rf6 f2 73. Rf8 Rc4 74. Rf7 Ke2 0-1

[Event "V Festival A"]
[Site "Robecchetto con Induno ITA"]
[Date "1993.12.??"]
[Round "4"]
[White "Barlocco, Carlo"]
[Black "Piotti, Andrea"]
[WhiteElo "2290"]
[BlackElo "1911"]
[Result "1-0"]
[PlyCount "25"]
[EventDate "1993.12.26"]

1. d4 Nf6 2. c4 d5 3. cxd5 Nxd5 4. e4 Nf6 5. Nc3 e6 6. Nf3 Be7 7. Bd3 O-O 8.
Be3 b6 9. h4 Ba6 10. e5 Nd5 11. Bxh7+ Kxh7 12. Ng5+ Kg6 13. h5+ 1-0

[Event "V Festival A"]
[Site "Robecchetto con Induno ITA"]
[Date "1993.12.??"]
[Round "4"]
[White "Braunberger, Federico"]
[Black "Temi, Walter"]
[WhiteElo "2028"]
[BlackElo "1993"]
[Result "1/2-1/2"]
[PlyCount "50"]
[EventDate "1993.12.26"]

1. Nf3 Nf6 2. c4 g6 3. Nc3 d5 4. d4 Bg7 5. e3 O-O 6. cxd5 Nxd5 7. Be2 c5 8. O-O
Nc6 9. dxc5 Nxc3 10. bxc3 Qa5 11. Bb2 Qxc5 12. Nd4 Rd8 13. Qc1 Na5 14. Ba3 Qc7
15. Nb5 Qe5 16. f4 Qf6 17. Bc5 Bd7 18. Bd4 Qa6 19. Rb1 Rac8 20. Qd1 Nc4 21.
Bxc4 Rxc4 22. Qb3 Bxb5 23. Qxb5 Qxb5 24. Rxb5 Bxd4 25. cxd4 Rd7 1/2-1/2

[Event "V Festival A"]
[Site "Robecchetto con Induno ITA"]
[Date "1993.12.??"]
[Round "4"]
[White "Duarte, Riccardo"]
[Black "Rossi, Giampiero"]
[WhiteElo "1882"]
[BlackElo "2205"]
[Result "1-0"]
[PlyCount "101"]
[EventDate "1993.12.26"]

1. e4 c5 2. f4 e6 3. Nf3 d6 4. Bb5+ Bd7 5. Bxd7+ Qxd7 6. O-O Nc6 7. c3 Nf6 8.
d3 Be7 9. Nbd2 O-O 10. Nc4 d5 11. Nce5 Qc7 12. Nxc6 Qxc6 13. e5 Nd7 14. Qe1 b5
15. Qg3 Rfc8 16. h3 Rab8 17. Nh2 b4 18. Ng4 Kh8 19. f5 exf5 20. Rxf5 Qg6 21.
Qf3 Kg8 22. c4 dxc4 23. dxc4 Nf8 24. Be3 Ne6 25. Rf1 Rf8 26. Nf2 Rbd8 27. Ne4
Rd3 28. Qe2 Rd7 29. Qf2 Nd4 30. Rf4 Qe6 31. Rg4 h5 32. Rf4 Qxc4 33. Bxd4 Rxd4
34. Qf3 g6 35. b3 Qd3 36. Qxd3 Rxd3 37. Rc1 Rd5 38. Nf6+ Bxf6 39. exf6 Re8 40.
Rc2 Ree5 41. g4 Kf8 42. gxh5 Rxh5 43. Rxb4 Kg8 44. Rb8+ Kh7 45. Rb7 Rhf5 46.
Rxf7+ Kh6 47. Rf8 Kh7 48. Rf2 Rd4 49. Rf7+ Kh6 50. Rxf5 gxf5 51. Kg2 1-0

[Event "V Festival A"]
[Site "Robecchetto con Induno ITA"]
[Date "1993.12.??"]
[Round "4"]
[White "Gandolfo, Marco"]
[Black "Salami, Marco"]
[WhiteElo "1991"]
[BlackElo "2046"]
[Result "1/2-1/2"]
[PlyCount "90"]
[EventDate "1993.12.26"]

1. d4 f5 2. Nc3 Nf6 3. Bg5 Ne4 4. Nxe4 fxe4 5. c3 d5 6. e3 Nc6 7. a3 g6 8. h4
Bg7 9. c4 h6 10. Bf4 O-O 11. cxd5 Nxd4 12. Bc4 e6 13. dxe6 Bxe6 14. Bxe6+ Nxe6
15. Qb3 Qf6 16. Nh3 Kh8 17. O-O-O Nc5 18. Qc2 Nd3+ 19. Kb1 Nxb2 20. Rd7 Nd3 21.
Rxg7 Kxg7 22. g4 Qb6+ 23. Ka2 Qc5 24. Qxc5 Nxc5 25. Be5+ Kh7 26. Rc1 b6 27. Nf4
Rfe8 28. Bd4 c6 29. Bxc5 bxc5 30. Rxc5 Rac8 31. Kb2 Rb8+ 32. Kc2 Rb6 33. Kd1
Re7 34. Ke2 Ra6 35. Kf1 Rxa3 36. Rxc6 Rb7 37. Kg2 Ra2 38. Re6 a5 39. Kg3 a4 40.
Rxg6 Rf7 41. Ra6 Ra1 42. g5 hxg5 43. hxg5 Rg1+ 44. Kh4 Rh1+ 45. Kg3 Rg1+
1/2-1/2